000 00675nam a2200241 i 4500
001 C2-0338792
003 PPAK
005 20180728141041.0
008 161120s2014 ii a|||| ||||| | tam d
020 _a9789383886050
040 _aPPAK
_beng
_cPPAK
_erda
082 0 4 _a398.2
_223
090 0 0 _a398.2
_bTAM
_dK
100 0 _aTamilpriyan,
_eauthor
245 1 0 _aKadaiyezhu vallalgal
264 1 _aChennai, India :
_bAruna Publications ,
_c2014
300 _a96 pages :
_billustrations ;
_c18 cm
336 _2rdacontent
_atext
337 _2rdamedia
_aunmediated
338 _2rdacarrier
_avolume
650 1 0 _aFolklore - India - Juvenile literature
942 _ddc
_cB
999 _c136085
_d136085